LEADER 01061nam0 22002891i 450 001 UON00193670 005 20231205103225.328 010 $a03-334-2690-8 100 $a20030730d1990 |0itac50 ba 101 $aeng 102 $aGB 105 $a|||| 1|||| 200 1 $aAlexander Pope$ea literary life$fFelicity Rosslyn 210 $aLondon$cMacmillan$dc1990 215 $aXIII, 176 p.$d22 cm. 410 1$1001UON00173422$12001 $aMacmillan Literary Lives$1210 $aLondon$cMacmillan. 606 $aPOPE ALEXANDER$3UONC039714$2FI 620 $aGB$dLondon$3UONL003044 676 $a821$cPoesia inglese$v21 700 1$aROSSLYN$bFelicity$3UONV114483$0678243 712 $aMacmillan & Co.$3UONV247335$4650 801 $aIT$bSOL$c20240220$gRICA 899 $aSIBA - SISTEMA BIBLIOTECARIO DI ATENEO$2UONSI 912 $aUON00193670 950 $aSIBA - SISTEMA BIBLIOTECARIO DI ATENEO$dSI Angl IV B POP-ROSS $eSI LO 43612 5 996 $aAlexander Pope$91292623 997 $aUNIOR